00728cam a2200217 a 4500020003500000040000800035082002600043100003100069245007700100246002800177246005000205250001200255260003400267300003300301500008300334650002100417650002100438650001600459650001400475700002100489 a0130948535 (pbk. : alk. paper) cDLC00a428 CON 2002 C275 Or.1 aSolórzano, Helen Sophia.10aContemporary topics 1 :bintermediate listening and note-taking skills /3 aContemporary topics one30aIntermediate listening and note-taking skills a2nd ed. a[New York] :bLongman,c2002. axi, 110 p. :bill. ;c28 cm. aRev. ed. of: Introductory topics--intermediate listening comprehension. c1995. 0aEnglish language 0aEnglish language 0aNote-taking 0aListening1 aFrazier, Laurie.